000 00596nam a2200181Ia 4500
008 151018s9999 xx 000 0 und d
082 _bRBASDV18471
_a891.433
100 _aसुदर्शन नारंग
245 _aएक था केशोराम
250 _b1
260 _bहिंद पॉकेट बुक्स
_c1984
300 _a112
600 _aसुदर्शन नारंग
630 _aएक था केशोराम
700 _aसुदर्शन नारंग
730 _aएक था केशोराम
942 _cBOOK
999 _c1019133
_d1019130